banner-ar

قصص من الشرق والغرب : مختارات من البرنامج الثانى / (Record no. 47658)

MARC details
000 -الفاتح
حقل البيانات ثابتة الطول 00861nam a2200253Ia 4500
008 - عناصر البيانات ثابتة الطول - معلومات عامة
حقل البيانات ثابتة الطول 140319s9999 xx 000 0 ara d
040 ## - مصدر الفهرسة
وكالة الفهرسة الأصلية GCL /
وكالة النسخ GCL
082 04 - رقم تصنيف ديوى العشرى
رقم التصنيف 808.83
رقم المادة س ق
100 1# - المدخل الرئيسى - إسم شخصى
الإسم الشخصى موم , سومرست
245 10 - بيان العنوان
العنوان قصص من الشرق والغرب : مختارات من البرنامج الثانى /
بيان المسئوليه,etc موم , سومرست
700 1# - المدخل الاضافى - اسم شخصى
الإسم الشخصى جوركى، ماكسيم
700 1# - المدخل الاضافى - اسم شخصى
الإسم الشخصى ستينبك، جون
700 1# - المدخل الاضافى - اسم شخصى
الإسم الشخصى عدلى نور (ترجمة)
700 1# - المدخل الاضافى - اسم شخصى
الإسم الشخصى محمد يس العيوطى (ترجمة)
700 1# - المدخل الاضافى - اسم شخصى
الإسم الشخصى امين عطوة
300 ## - الوصف المادى
التعداد 95 ص
490 ## - بيان السلسلة
عنوان السلسلة كتب ثقافية
رقم المجلد/ التعيين التسلسلي 0
650 04 - المدخل الاضافى بالموضوع-مصطلح موضوعى
مصطلح موضوعي القصص القصيرة
650 04 - المدخل الاضافى بالموضوع-مصطلح موضوعى
مصطلح موضوعي الادب العالمى المترجم
650 04 - المدخل الاضافى بالموضوع-مصطلح موضوعى
مصطلح موضوعي القصص العربية القصيرة - مصر
650 04 - المدخل الاضافى بالموضوع-مصطلح موضوعى
مصطلح موضوعي القصص - مجموعات
942 ## - عناصر المدخل الإضافي( كوها)
مصدر التصنيف او مخطط الترفيف Dewey Decimal Classification
Koha [default] item type كتاب
Holdings
حالة التراجع حالة الفقد حالة تلف ليس للاعارة المكان المؤقت الموقع الحالى تاريخ الاكتساب اجمالي اﻻعارات رقم الطلب الباركود تاريخ اخر مشاهدة تاريخ تفعيل السعر نوع وعاء كوها
        مكتبة القاهرة الكبرى مكتبة القاهرة الكبرى 03/26/2014   808.83\س ق 114943 03/26/2014 03/26/2014 كتاب

Powered By

EGPV